000 00360nam a2200133Ia 4500
008 240624s9999 xx 000 0 und d
041 _aeng
082 _a516 TRI
100 _aTRIPATHI MUKUT MANI
245 _aCOORDINATE GEOMETRY POLAR COORDINATES AP
260 _c2005
_aNew delhi
_bNarosa Publishing House Pvt. Ltd.
300 _a161 : p.
365 _cRS
_b30
999 _c12600
_d12600